000 00807nam a2200205Ia 4500
008 0000001996 pn a 0000000000spa00
090 _aPSP00 V38n
100 1 _aVives, Navarro
_d1931
245 1 0 _aNavarro Vives
_c/ fotografías Miguel Ribot
300 _a[12] p.
_c/ 28 cm.
500 _aExposición realizada en Bernheim Gallery, Panamá, Octubre 24 Noviembre 24, 1996 \ Con el patronazgo del maestro venezolano Jesús Rafael Soto (q.e.p.d.) \ Registro auspiciado por el IDCT. Bogotá
600 0 0 _aVIVES, NAVARRO, 1931/
_xTRABAJOS PICTORICOS
650 1 4 _aARTE CONTEMPORANEO ESPAÑOL
650 1 4 _xCATALOGOS
650 1 4 _xEXPOSICIONES
650 1 4 _aPINTORES ESPAÑOLES
650 1 4 _aPINTURA ESPAÑOLA
700 1 _aRibot, Miguel
999 _c3587
_d3587
260 _aPanamá : Bernheim Gallery
_c1996